Southville International School and Colleges
Your cart is empty.
  • Cart
  • Lists
    Public lists Eva Luna New books Lux_list list_1
    Your lists Log in to create your own lists
  • Log in to your account
  • Your cookies
  • Search history
Southville International School and Colleges
  • Advanced search
  • Recent comments
  • Most popular
  • Libraries

Log in to your account

Log in with GOOGLE


If you do not have an external account, but do have a local account, you can still log in:

  1. Home
  2. MARC view: The Universal schoolhouse :
Normal view MARC view ISBD view

The Universal schoolhouse : (Record no. 19674)

[ view plain ]
MARC details
000 -LEADER
fixed length control field 00668nam a2200217 a 4500
005 - DATE AND TIME OF LATEST TRANSACTION
control field 20140310183152.0
008 - FIXED-LENGTH DATA ELEMENTS--GENERAL INFORMATION
fixed length control field 021015s19uu xx 00 eng d
020 ## - INTERNATIONAL STANDARD BOOK NUMBER
International Standard Book Number 1555426077
050 ## - LIBRARY OF CONGRESS CALL NUMBER
Classification number LC 268
Item number .M64 1994
100 ## - MAIN ENTRY--PERSONAL NAME
Personal name Moffet, James
245 ## - TITLE STATEMENT
Title The Universal schoolhouse :
Remainder of title spiritual awakening through education /
Statement of responsibility, etc James Moffet.
300 ## - PHYSICAL DESCRIPTION
Extent 367 p. :
Dimensions 24 cm.
521 ## - TARGET AUDIENCE NOTE
Target audience note
650 ## - SUBJECT ADDED ENTRY--TOPICAL TERM
Topical term or geographic name as entry element Moral education
General subdivision United States
650 ## - SUBJECT ADDED ENTRY--TOPICAL TERM
Topical term or geographic name as entry element Education
General subdivision social aspects
650 ## - SUBJECT ADDED ENTRY--TOPICAL TERM
Topical term or geographic name as entry element Critical pedagogy
General subdivision United States
650 ## - SUBJECT ADDED ENTRY--TOPICAL TERM
Topical term or geographic name as entry element Education, Humanities
General subdivision United States
650 ## - SUBJECT ADDED ENTRY--TOPICAL TERM
Topical term or geographic name as entry element Educ'l change
General subdivision United States
942 ## - ADDED ENTRY ELEMENTS (KOHA)
Koha item type Books
Source of classification or shelving scheme Library of Congress Classification
Call number prefix Foreign
Holdings
Withdrawn status Lost status Source of classification or shelving scheme Damaged status Home library Current library Shelving location Date acquired Cost, normal purchase price Total Checkouts Full call number Barcode Date last seen Copy number Price effective from Koha item type
    Library of Congress Classification   College Library College Library General Circulation Section 07/30/2010 300.00   LC 268 .M64 1994 C0992 05/15/2018 1 10/10/2013 Books

The Universal schoolhouse :

APA

Moffet J., .The Universal schoolhouse. : .

Chicago

Moffet James, .The Universal schoolhouse. : .

Harvard

Moffet J., .The Universal schoolhouse. : .

MLA

Moffet James, .: . .

  • Place hold
  • Print
  • Cite
  • Add to your cart (remove)
  • Save record
    BIBTEX Dublin Core MARCXML MARC (non-Unicode/MARC-8) MARC (Unicode/UTF-8) MARC (Unicode/UTF-8, Standard) MODS (XML) RIS
  • More searches
    Search for this title in:
    Other Libraries (WorldCat) Other Databases (Google Scholar) Online Stores (Bookfinder.com) Open Library (openlibrary.org)

Exporting to Dublin Core...

SOUTHVILLE LIBRARY

Southville International School and Colleges Library

1281 Tropical Ave. Cor. Luxembourg St., BF Homes International, Las Pinas City

Tel. No. 8256374 / 252358 Loc. 117/146

Powered by Koha